| 000 | 00380nam a2200169Ia 4500 | ||
|---|---|---|---|
| 008 | 170705s9999 xx 000 0 und d | ||
| 020 | _a9780545074384 | ||
| 245 | _aVictory / | ||
| 245 | _cSusan Cooper. | ||
| 260 | _aNew York : | ||
| 260 | _bScholastic, | ||
| 260 | _c2006 | ||
| 300 | _a196 pages : | ||
| 300 | _bcolor illustration ; | ||
| 300 | _c19cm. | ||
| 500 | _a1010 | ||
| 999 |
_c336694 _d336694 |
||